Hans Zimmer, Michael Giacchino, or Danny Elfman? - Statistics

General Stats
  • This quiz has been taken 12 times
  • The average score is 8 of 11
Answer Stats
Question Answer % Correct
Composed Music for Beetlejuice Danny Elfman
100%
Composed Music for Pirates of the Caribbean Hans Zimmer
91%
Composed Music for the Lion King Hans Zimmer
91%
Composed Music for The Incredibles Michael Giacchino
91%
Composed music for Doctor Strange Michael Giacchino
73%
Composed music for a Batman movie All of the Above
64%
Composed music for a Superman Movie Hans Zimmer
64%
Was born in New Jersey Michael Giacchino
64%
Composed music for the Simpsons Danny Elfman
55%
Composed Music for a Spider-Man Movie All of the Above
45%
Is the oldest Danny Elfman
45%
No matching quizzes found
Score Distribution
Percent of People with Each Score
Percentile by Number Answered
Your Score History
You have not taken this quiz